[Event "Turkey Cup 2020"]
[Site "Antalya-Belek"]
[Date "2020.01.29"]
[Round "5.51"]
[White "Duran, Esma Doga"]
[Black "Demir, Hilmi Mustafa"]
[Result "1-0"]
[WhiteElo "1877"]
[BlackElo "1806"]
[Annotator "NA"]
[PlyCount "81"]
[EventDate "2020.01.26"]
[EventType "swiss"]
[EventCountry "TUR"]
[SourceTitle "playchess.com"]
[Source "ChessBase"]
[SourceQuality "1"]

1. d4 d5 2. Nf3 Nf6 3. c4 c6 4. Nc3 dxc4 5. a4 Bf5 6. e3 e6 7. Bxc4 Bb4 8. O-O Nbd7 9. Qe2 Bg6 10. Bd3 Bxd3 11. Qxd3 O-O 12. Rd1 Qa5 13. Nd2 e5 14. Nc4 Qc7 15. Qf5 Rfe8 16. e4 g6 17. Qf3 Bd6 18. d5 Bf8 19. d6 Qb8 20. Bg5 Re6 21. Rd2 Ne8 22. Be7 Bxe7 23. dxe7 Rxe7 24. Rad1 Nc5 25. b4 Ne6 26. Rd7 Kf8 27. Qe3 Nf6 28. Qh6+ Ke8 29. R7d6 Rd7 30. Rxd7 Nxd7 31. Qxh7 Nd4 32. f4 b5 33. Nxe5 Nxe5 34. Rxd4 Nc4 35. Qh8+ Ke7 36. Qh4+ Ke8 37. Qf6 a5 38. Qxc6+ Kf8 39. Nxb5 Ne3 40. Qf6 axb4 41. Rd7 1-0

[Event "Turkey Cup 2020"]
[Site "Antalya-Belek"]
[Date "2020.01.29"]
[Round "5.52"]
[White "Yilmaz, Cumhur"]
[Black "Demir, Bilal"]
[Result "0-1"]
[WhiteElo "1719"]
[BlackElo "1964"]
[Annotator "NA"]
[PlyCount "114"]
[EventDate "2020.01.26"]
[EventType "swiss"]
[EventCountry "TUR"]
[SourceTitle "playchess.com"]
[Source "ChessBase"]
[SourceQuality "1"]

1. d4 c5 2. c3 Qa5 3. Nd2 cxd4 4. Nb3 Qc7 5. cxd4 Nf6 6. Bg5 d5 7. e3 e6 8. Bb5+ Bd7 9. Bxd7+ Nbxd7 10. Bxf6 Nxf6 11. a3 Bd6 12. Rc1 Qb6 13. Ne2 O-O 14. O-O Rac8 15. Qd3 a5 16. Rc2 a4 17. Nd2 Rc6 18. Rfc1 Rfc8 19. g3 h6 20. Rxc6 bxc6 21. Rc2 e5 22. e4 Rd8 23. exd5 cxd5 24. dxe5 Bxe5 25. Qe3 Qxe3 26. fxe3 Ng4 27. e4 dxe4 28. h3 Ne3 29. Nc4 Nxc2 30. Nxe5 Rb8 31. Nc4 Rb3 32. Nc3 Nxa3 33. Nxa3 Rxb2 34. Nxe4 Rb3 35. Nc2 a3 36. Nxa3 Rxa3 37. Kg2 f5 38. Nf2 Ra2 39. Kf3 g5 40. g4 Rxf2+ 41. Kxf2 f4 42. Kf3 Kf7 43. h4 Ke6 44. hxg5 hxg5 45. Ke4 Kd6 46. Kd4 Kc6 47. Kc4 Kb6 48. Kd4 Kb5 49. Kd3 Kc5 50. Kc3 Kd5 51. Kd3 Ke5 52. Ke2 Ke4 53. Kf2 f3 54. Kf1 Kf4 55. Kg1 Kxg4 56. Kh2 Kf4 57. Kh1 Ke3 0-1

[Event "Turkey Cup 2020"]
[Site "Antalya-Belek"]
[Date "2020.01.29"]
[Round "5.53"]
[White "Aysoy, Veysi"]
[Black "Ilcin, Murat Veysi"]
[Result "1-0"]
[WhiteElo "1869"]
[BlackElo "1605"]
[Annotator "NA"]
[PlyCount "45"]
[EventDate "2020.01.26"]
[EventType "swiss"]
[EventCountry "TUR"]
[SourceTitle "playchess.com"]
[Source "ChessBase"]
[SourceQuality "1"]

1. e4 e5 2. Nf3 Nc6 3. d4 exd4 4. Nxd4 d6 5. Bb5 Bd7 6. Bxc6 Bxc6 7. Nc3 Nf6 8. O-O Be7 9. Qf3 Qd7 10. Re1 O-O-O 11. b4 Qg4 12. Qe3 Nd7 13. b5 Bxe4 14. Nxe4 Rde8 15. f3 Qh4 16. Nf5 Qxe1+ 17. Qxe1 Bf6 18. Nexd6+ cxd6 19. Nxd6+ Kd8 20. Nxf7+ Kc7 21. Bf4+ Kb6 22. Qf2+ Nc5 23. Rd1 1-0

[Event "Turkey Cup 2020"]
[Site "Antalya-Belek"]
[Date "2020.01.29"]
[Round "5.54"]
[White "Aydogdu, Selcan Ayberk"]
[Black "Tutumlu, Ali"]
[Result "1-0"]
[WhiteElo "1940"]
[BlackElo "1754"]
[Annotator "NA"]
[PlyCount "93"]
[EventDate "2020.01.26"]
[EventType "swiss"]
[EventCountry "TUR"]
[SourceTitle "playchess.com"]
[Source "ChessBase"]
[SourceQuality "1"]

1. d4 d5 2. c4 dxc4 3. Nf3 Nf6 4. e3 e6 5. Bxc4 Be7 6. O-O O-O 7. b3 b6 8. Qe2 Bb7 9. Bb2 Nbd7 10. Rd1 Ne4 11. Nbd2 Bf6 12. Nxe4 Bxe4 13. Rac1 Qe7 14. Bb5 Qd6 15. Nd2 Bb7 16. e4 a6 17. Nc4 Qe7 18. Ba3 Qd8 19. Bxd7 Qxd7 20. Bxf8 Kxf8 21. Ne5 Qd6 22. Qh5 g6 23. Qxh7 Bg7 24. Qh4 Rd8 25. Qf4 Bxe5 26. Qxe5 Qxe5 27. dxe5 Rxd1+ 28. Rxd1 Ke7 29. f3 a5 30. Kf2 Bc6 31. Ke3 a4 32. b4 Bb5 33. Rc1 Kd7 34. Kf4 c6 35. Kg5 Ke7 36. h4 Ke8 37. Kf6 a3 38. Rc3 Bf1 39. g4 Kd7 40. Kxf7 b5 41. Kxg6 Bc4 42. Rxa3 Kc7 43. h5 Kb6 44. h6 c5 45. bxc5+ Kxc5 46. h7 Kb4 47. Ra8 1-0

[Event "Turkey Cup 2020"]
[Site "Antalya-Belek"]
[Date "2020.01.29"]
[Round "5.55"]
[White "Yenice, Yusuf Erkan"]
[Black "Kaptan, Emre Akin"]
[Result "0-1"]
[WhiteElo "1508"]
[BlackElo "1869"]
[Annotator "NA"]
[PlyCount "102"]
[EventDate "2020.01.26"]
[EventType "swiss"]
[EventCountry "TUR"]
[SourceTitle "playchess.com"]
[Source "ChessBase"]
[SourceQuality "1"]

1. e4 c5 2. c3 Nf6 3. d3 Nc6 4. Nf3 e6 5. Be2 Be7 6. O-O d5 7. Nbd2 O-O 8. Re1 Qc7 9. Bf1 a6 10. a4 Rb8 11. g3 b5 12. axb5 axb5 13. b3 Bb7 14. e5 Nd7 15. d4 Qb6 16. Bb2 b4 17. Bd3 bxc3 18. Bxc3 cxd4 19. Bb2 Nc5 20. Bb1 d3 21. Nd4 Nb4 22. N2f3 Ra8 23. Rxa8 Rxa8 24. h4 Ba6 25. Ng5 h6 26. Kg2 hxg5 27. hxg5 Kf8 28. Qh5 Ke8 29. Qh8+ Bf8 30. Bc1 Ne4 31. Be3 d2 32. Rd1 Kd7 33. Bxe4 dxe4 34. Rxd2 Bd3 35. Qg8 Nd5 36. Qxf7+ Be7 37. Nf5 Nxe3+ 38. Nxe3 Qxb3 39. Qg6 Qb4 40. Rd1 Ra2 41. Qxg7 Rxf2+ 42. Kxf2 Qb2+ 43. Kg1 Qe2 44. Rxd3+ exd3 45. Nf1 Qe1 46. Kg2 d2 47. Nxd2 Qxd2+ 48. Kh3 Qxg5 49. Qh8 Qf5+ 50. Kg2 Qe4+ 51. Kh3 Qh1+ 0-1

[Event "Turkey Cup 2020"]
[Site "Antalya-Belek"]
[Date "2020.01.29"]
[Round "5.56"]
[White "Bek, Emir"]
[Black "Yakar, Azat"]
[Result "1-0"]
[WhiteElo "1829"]
[BlackElo "1469"]
[Annotator "NA"]
[PlyCount "77"]
[EventDate "2020.01.26"]
[EventType "swiss"]
[EventCountry "TUR"]
[SourceTitle "playchess.com"]
[Source "ChessBase"]
[SourceQuality "1"]

1. d4 Nf6 2. Nf3 g6 3. c4 Bg7 4. Nc3 O-O 5. e4 d6 6. Be2 e5 7. d5 a5 8. O-O Na6 9. Ne1 Nc5 10. Qc2 Nfd7 11. f3 f5 12. Be3 f4 13. Bf2 Bf6 14. Nb5 Rf7 15. b3 b6 16. a3 Nf8 17. Rc1 Bh4 18. Bxh4 Qxh4 19. b4 axb4 20. axb4 Nb7 21. Nd3 g5 22. Nf2 h5 23. h3 Ng6 24. Ra1 Rb8 25. Ra3 Qg3 26. Bd1 Qh4 27. Qa4 Bxh3 28. Nxh3 g4 29. Nf2 g3 30. Nh3 Rbf8 31. Qa7 Nd8 32. Nxc7 Re7 33. Qxb6 Nf7 34. Re1 Ng5 35. Nxg5 Qxg5 36. Ne6 Qh4 37. Nxf8 Qh2+ 38. Kf1 Qh1+ 39. Qg1 1-0

[Event "Turkey Cup 2020"]
[Site "Antalya-Belek"]
[Date "2020.01.29"]
[Round "5.57"]
[White "Kocakaplan, Emre"]
[Black "Yavic, Adnan"]
[Result "1-0"]
[WhiteElo "1857"]
[BlackElo "1590"]
[Annotator "NA RC"]
[PlyCount "161"]
[EventDate "2020.01.26"]
[EventType "swiss"]
[EventCountry "TUR"]
[SourceTitle "playchess.com"]
[Source "ChessBase"]
[SourceQuality "1"]

1. d4 Nf6 2. Nf3 e6 3. c4 d5 4. g3 Be7 5. Bg2 O-O 6. O-O c6 7. Qc2 Nbd7 8. Nbd2 b6 9. e4 dxe4 10. Ng5 Bb7 11. Ndxe4 h6 12. Nxf6+ Nxf6 13. Nf3 c5 14. Rd1 Qc8 15. Be3 Be4 16. Qb3 Qb7 17. Ne1 Bxg2 18. Nxg2 Ng4 19. dxc5 Nxe3 20. Nxe3 Bxc5 21. Rd3 Rad8 22. Rad1 Rxd3 23. Qxd3 Qf3 24. Rd2 h5 25. Nd1 Qg4 26. a3 a5 27. Nc3 f5 28. Qe2 Qg6 29. Na4 f4 30. Nxc5 bxc5 31. Qd3 Rf5 32. Qe4 f3 33. h3 Qf6 34. Rd3 a4 35. Re3 e5 36. Qa8+ Kh7 37. Qxa4 h4 38. g4 Rf4 39. Qe8 Rxc4 40. Qxe5 Rc1+ 41. Kh2 Qxe5+ 42. Rxe5 Rc2 43. b4 cxb4 44. axb4 Rxf2+ 45. Kg1 Rg2+ 46. Kf1 g6 47. Re3 Rg3 48. Rb3 Rxh3 49. b5 Rh1+ 50. Kf2 Rh2+ 51. Ke3 Rh3 52. Kf2 Rh2+ 53. Kg1 Rg2+ 54. Kf1 Re2 55. b6 Re8 56. b7 Rb8 57. Kf2 Kg7 58. g5 Kf7 59. Kxf3 Ke6 60. Kg4 Ke5 61. Rb4 h3 62. Kxh3 Kf5 63. Rb5+ Kf4 64. Kg2 Kg4 65. Kf2 Kf4 66. Ke2 Ke4 67. Kd2 Kd4 68. Rb6 Ke4 69. Kc3 Kd5 70. Kb4 Ke5 71. Rb5+ Kf4 72. Ka5 Rxb7 73. Rxb7 Kxg5 74. Kb4 Kf4 75. Kc3 g5 76. Kd3 g4 77. Ke2 Kg3 78. Kf1 Kh2 79. Rh7+ Kg3 80. Kg1 Kf3 81. Ra7 1-0

[Event "Turkey Cup 2020"]
[Site "Antalya-Belek"]
[Date "2020.01.29"]
[Round "5.58"]
[White "Hasanoglu, Hakan"]
[Black "Muftuoglu, Musa Emin"]
[Result "1/2-1/2"]
[WhiteElo "1554"]
[BlackElo "1834"]
[Annotator "NA"]
[PlyCount "117"]
[EventDate "2020.01.26"]
[EventType "swiss"]
[EventCountry "TUR"]
[SourceTitle "playchess.com"]
[Source "ChessBase"]
[SourceQuality "1"]

1. d4 e6 2. c4 f5 3. Nf3 Nf6 4. g3 Be7 5. Bg2 d6 6. O-O O-O 7. Nc3 a5 8. Qc2 Nc6 9. d5 Nb4 10. Qb3 e5 11. c5 Kh8 12. cxd6 cxd6 13. Ng5 Na6 14. Na4 b5 15. Qxb5 Rb8 16. Qd3 e4 17. Qd1 h6 18. Nh3 Ng4 19. b3 Bd7 20. Nf4 Kh7 21. Ba3 Nb4 22. Qd2 g5 23. Bxb4 axb4 24. Ne6 Bxe6 25. dxe6 Qc8 26. Qd5 Rf6 27. Bxe4 Kg6 28. Bf3 Ne5 29. Rac1 Nxf3+ 30. Qxf3 Qxe6 31. Rfd1 g4 32. Qd3 h5 33. Rc4 Rff8 34. e4 Rb5 35. Rc6 Re5 36. exf5+ Qxf5 37. Qxf5+ Rfxf5 38. Kf1 Re6 39. Nb2 Ra5 40. Nd3 Re4 41. Nf4+ Kf7 42. Rd2 h4 43. Rc4 Rae5 44. Rxe4 Rxe4 45. Rd5 hxg3 46. hxg3 Kf6 47. Nd3 Ke6 48. Rb5 Rd4 49. Nxb4 Rd2 50. a4 Bf6 51. Nc6 Kd7 52. Rf5 Bc3 53. Na5 Ke6 54. Rh5 Bd4 55. Rh2 Rb2 56. Nc6 Bc5 57. b4 Bxb4 58. a5 d5 59. a6 1/2-1/2

[Event "Turkey Cup 2020"]
[Site "Antalya-Belek"]
[Date "2020.01.29"]
[Round "5.59"]
[White "Selvi, Kaan"]
[Black "Aydin, Ataberk"]
[Result "1-0"]
[WhiteElo "1907"]
[BlackElo "1283"]
[Annotator "NA"]
[PlyCount "65"]
[EventDate "2020.01.26"]
[EventType "swiss"]
[EventCountry "TUR"]
[SourceTitle "playchess.com"]
[Source "ChessBase"]
[SourceQuality "1"]

1. Nf3 d5 2. d4 e6 3. Bg5 Be7 4. Bxe7 Qxe7 5. c3 c5 6. e3 Nf6 7. Nbd2 O-O 8. Bd3 Nc6 9. O-O b6 10. Ne5 Nxe5 11. dxe5 Nd7 12. f4 f5 13. exf6 Nxf6 14. e4 Bb7 15. e5 Nd7 16. Qg4 c4 17. Bc2 Rae8 18. Nf3 g6 19. h4 Kh8 20. h5 gxh5 21. Qxh5 Qf7 22. Qh3 Re7 23. Ng5 Qg8 24. Rae1 b5 25. Re3 Rfe8 26. Qh5 Rc8 27. Rg3 Nf8 28. f5 exf5 29. Rxf5 Rcc7 30. e6 Nxe6 31. Nxe6 Qxg3 32. Rf8+ Qg8 33. Qe5+ 1-0

[Event "Turkey Cup 2020"]
[Site "Antalya-Belek"]
[Date "2020.01.29"]
[Round "5.60"]
[White "Araboga, Mesut"]
[Black "Korkmaz, Necmettin"]
[Result "1-0"]
[WhiteElo "1627"]
[BlackElo "2157"]
[Annotator "TA"]
[PlyCount "52"]
[EventDate "2020.01.26"]
[EventType "swiss"]
[EventCountry "TUR"]
[SourceTitle "playchess.com"]
[Source "ChessBase"]
[SourceQuality "1"]

1. d4 d5 2. c4 c6 3. Nf3 Nf6 4. Nc3 e6 5. Bf4 Bd6 6. e3 Bxf4 7. exf4 dxc4 8. Bxc4 O-O 9. O-O Qd6 10. g3 Nbd7 11. a3 Nb6 12. Ba2 Nbd5 13. Rc1 Nxc3 14. Rxc3 b6 15. Re1 Bb7 16. Qd3 Rfd8 17. f5 exf5 18. Qxf5 Re8 19. Rce3 Rxe3 20. Rxe3 Rd8 21. Ne5 Rf8 22. Nxf7 Qxd4 23. Qe6 Bc8 24. Qe7 Nd5 25. Nd6 Qd1+ 26. Kg2 Qf1+ 1-0

[Event "Turkey Cup 2020"]
[Site "Antalya-Belek"]
[Date "2020.01.29"]
[Round "5.61"]
[White "Usun, Tolga"]
[Black "Acar, Kaan"]
[Result "1-0"]
[WhiteElo "2021"]
[BlackElo "1636"]
[Annotator "NA"]
[PlyCount "71"]
[EventDate "2020.01.26"]
[EventType "swiss"]
[EventCountry "TUR"]
[SourceTitle "playchess.com"]
[Source "ChessBase"]
[SourceQuality "1"]

1. e4 c5 2. Nf3 d6 3. d4 cxd4 4. Nxd4 Nf6 5. Nc3 a6 6. Bg5 e6 7. Qd2 Be7 8. O-O-O Nbd7 9. Bc4 Ne5 10. Bb3 b5 11. f4 b4 12. fxe5 bxc3 13. Qxc3 Nxe4 14. Qc6+ Qd7 15. Qxa8 Bxg5+ 16. Kb1 Nf2 17. Ba4 Qxa4 18. Qxc8+ Bd8 19. Nxe6 fxe6 20. Qxe6+ Be7 21. exd6 Qd7 22. Qxd7+ Kxd7 23. dxe7+ Nxd1 24. Rxd1+ Kxe7 25. c3 Rf8 26. Kc2 Ke6 27. a4 Rf4 28. Rd4 Rf2+ 29. Rd2 Rf4 30. b4 Re4 31. Kb3 Re5 32. Kc4 Re1 33. b5 Ra1 34. Kb4 axb5 35. axb5 Rb1+ 36. Kc5 1-0

[Event "Turkey Cup 2020"]
[Site "Antalya-Belek"]
[Date "2020.01.29"]
[Round "5.62"]
[White "Demircin, Kasim"]
[Black "Satiroglu, Kaan"]
[Result "1-0"]
[WhiteElo "1915"]
[BlackElo "1640"]
[Annotator "NA"]
[PlyCount "111"]
[EventDate "2020.01.26"]
[EventType "swiss"]
[EventCountry "TUR"]
[SourceTitle "playchess.com"]
[Source "ChessBase"]
[SourceQuality "1"]

1. d4 f5 2. c4 e6 3. Nc3 Nf6 4. g3 Bb4 5. Bg2 Bxc3+ 6. bxc3 O-O 7. Nf3 d6 8. a4 Qe8 9. Ba3 Ne4 10. Qc2 Nd7 11. Nd2 Nxd2 12. Qxd2 Nb6 13. c5 Nc4 14. Qc2 Nxa3 15. Rxa3 dxc5 16. dxc5 Qe7 17. Rb3 Qxc5 18. O-O Rb8 19. Rb5 Qe7 20. Qb3 b6 21. Re5 Qf6 22. f4 Rd8 23. Re1 Bb7 24. Rxe6 Qf7 25. Bxb7 Rxb7 26. e4 fxe4 27. R1xe4 Rbb8 28. R4e5 h6 29. Qc4 Rd1+ 30. Kg2 Rd2+ 31. Kh3 Rf8 32. Qe4 Qd7 33. f5 Qd3 34. Qxd3 Rxd3 35. Rc6 Rf7 36. Kg4 Rfd7 37. Re8+ Kh7 38. Rc8 R3d5 39. R8xc7 Rxc7 40. Rxc7 Ra5 41. Rc4 Kg8 42. Kf4 Kf7 43. g4 a6 44. h4 b5 45. axb5 axb5 46. Rc7+ Kg8 47. Rc8+ Kf7 48. g5 Ra4+ 49. Ke5 Rxh4 50. g6+ Ke7 51. Rc7+ Kf8 52. Rf7+ Ke8 53. Rxg7 Rc4 54. Rg8+ Kd7 55. g7 Rg4 56. Rb8 1-0

[Event "Turkey Cup 2020"]
[Site "Antalya-Belek"]
[Date "2020.01.29"]
[Round "5.64"]
[White "Hatipli, Mehmet"]
[Black "Akin, Bora Zubeyir"]
[Result "1-0"]
[WhiteElo "1873"]
[BlackElo "1476"]
[Annotator "NA"]
[PlyCount "71"]
[EventDate "2020.01.26"]
[EventType "swiss"]
[EventCountry "TUR"]
[SourceTitle "playchess.com"]
[Source "ChessBase"]
[SourceQuality "1"]

1. e4 e6 2. d4 d5 3. Nd2 c5 4. Ngf3 cxd4 5. exd5 Nf6 6. Bb5+ Bd7 7. Bxd7+ Qxd7 8. dxe6 Qxe6+ 9. Qe2 Nc6 10. Qxe6+ fxe6 11. O-O O-O-O 12. Ng5 Re8 13. Re1 Bb4 14. a3 Bxd2 15. Bxd2 Kd7 16. Bf4 e5 17. Bg3 e4 18. Nf7 Rhf8 19. Nd6 b6 20. Nxe8 Rxe8 21. Rad1 Nh5 22. Re2 Nxg3 23. hxg3 Re5 24. Rde1 Rc5 25. Rxe4 Rxc2 26. R4e2 Rc5 27. Rd2 Rd5 28. f4 h5 29. Kf2 g5 30. Kf3 Rb5 31. Rh1 g4+ 32. Ke4 Ke6 33. Rc1 Kd6 34. Rdc2 Na5 35. b4 Nb7 36. Rc6+ 1-0

[Event "Turkey Cup 2020"]
[Site "Antalya-Belek"]
[Date "2020.01.29"]
[Round "5.65"]
[White "Celebi, Orhan"]
[Black "Mermer, Yunus"]
[Result "1-0"]
[WhiteElo "1834"]
[BlackElo "1592"]
[Annotator "NA"]
[PlyCount "55"]
[EventDate "2020.01.26"]
[EventType "swiss"]
[EventCountry "TUR"]
[SourceTitle "playchess.com"]
[Source "ChessBase"]
[SourceQuality "1"]

1. e4 c5 2. c3 Nf6 3. e5 Nd5 4. d4 cxd4 5. Nf3 Nc6 6. cxd4 d6 7. Bc4 Nb6 8. Bb3 dxe5 9. d5 Nd4 10. Nxd4 exd4 11. Qxd4 e6 12. Nc3 exd5 13. O-O Be6 14. Re1 Be7 15. Qxg7 Bf6 16. Qh6 Kd7 17. Be3 Bxc3 18. bxc3 Qf8 19. Qh5 Kc6 20. a4 Rd8 21. c4 Nxc4 22. Bxc4 dxc4 23. Qb5+ Kc7 24. Bf4+ Kc8 25. Qe5 Qe7 26. Rad1 Rxd1 27. Rxd1 Rd8 28. Qb8# 1-0

[Event "Turkey Cup 2020"]
[Site "Antalya-Belek"]
[Date "2020.01.29"]
[Round "5.66"]
[White "Yarar, Muammer Atakan"]
[Black "Pasa, Ahmet"]
[Result "1-0"]
[WhiteElo "1812"]
[BlackElo "1742"]
[Annotator "NA"]
[PlyCount "141"]
[EventDate "2020.01.26"]
[EventType "swiss"]
[EventCountry "TUR"]
[SourceTitle "playchess.com"]
[Source "ChessBase"]
[SourceQuality "1"]

1. d4 Nf6 2. c4 e6 3. Nc3 Bb4 4. f3 c5 5. d5 Bxc3+ 6. bxc3 d6 7. e4 O-O 8. Bd3 e5 9. Ne2 Ne8 10. g4 Qh4+ 11. Ng3 g6 12. O-O Ng7 13. Qc2 h5 14. gxh5 Nxh5 15. Nxh5 Qxh5 16. f4 Bh3 17. Rf2 Nd7 18. Be3 Nf6 19. fxe5 Ng4 20. Rf3 Nxh2 21. Rg3 Ng4 22. exd6 Nxe3 23. Qh2 Ng4 24. Be2 Nxh2 25. Bxh5 Bf1 26. Kxh2 Bxc4 27. Bg4 Rfe8 28. Re3 Bxd5 29. e5 Rad8 30. Rd1 Be6 31. Bf3 b5 32. Kg3 b4 33. cxb4 cxb4 34. Bc6 Rf8 35. Rd4 a5 36. Bd5 Rfe8 37. Kf4 Kg7 38. Bxe6 Rxe6 39. Rc4 Rd7 40. Ke4 Rdxd6 41. Rc5 Ra6 42. Rc7 Rec6 43. Rb7 Rc4+ 44. Kd5 Rc3 45. Re2 Rd3+ 46. Kc4 Rc3+ 47. Kd4 Re6 48. Rf2 Rh3 49. Rfxf7+ Kg8 50. Kd5 Re8 51. Rg7+ Kh8 52. e6 Rd3+ 53. Ke4 Rd2 54. Rh7+ Kg8 55. Rbg7+ Kf8 56. Ke3 Rxa2 57. e7+ Rxe7+ 58. Rxe7 Ra3+ 59. Kd4 Rh3 60. Rhf7+ Kg8 61. Rb7 Rh4+ 62. Ke5 Rh5+ 63. Kf6 Rf5+ 64. Kxg6 Rxf7 65. Rxf7 b3 66. Rb7 Kf8 67. Kf6 Ke8 68. Ke6 Kd8 69. Kd6 Kc8 70. Rxb3 a4 71. Ra3 1-0

[Event "Turkey Cup 2020"]
[Site "Antalya-Belek"]
[Date "2020.01.29"]
[Round "5.68"]
[White "Uzuner, Tufan Can"]
[Black "Sabahi, Cem"]
[Result "1-0"]
[WhiteElo "1939"]
[BlackElo "1604"]
[Annotator "NA"]
[PlyCount "99"]
[EventDate "2020.01.26"]
[EventType "swiss"]
[EventCountry "TUR"]
[SourceTitle "playchess.com"]
[Source "ChessBase"]
[SourceQuality "1"]

1. d4 g6 2. e4 Bg7 3. c3 d6 4. Nf3 Nf6 5. Qc2 Bg4 6. Nbd2 Nbd7 7. h3 Bxf3 8. Nxf3 e5 9. dxe5 dxe5 10. Be3 Qe7 11. Bc4 O-O 12. b4 a5 13. O-O axb4 14. cxb4 Qxb4 15. Rab1 Qa4 16. Bb3 Qxe4 17. Qxc7 Rfc8 18. Qd6 h6 19. Rfe1 Bf8 20. Qd2 Bb4 21. Bxf7+ Kxf7 22. Rxb4 Qf5 23. Rxb7 g5 24. Bxg5 hxg5 25. Nxe5+ Kg8 26. Nxd7 Nxd7 27. Rxd7 Re8 28. Rxe8+ Rxe8 29. Qd5+ Qxd5 30. Rxd5 Ra8 31. Rxg5+ Kf7 32. Kh2 Rxa2 33. f3 Kf6 34. h4 Rb2 35. Kh3 Rc2 36. g3 Rc3 37. f4 Rc1 38. Kg4 Rh1 39. Ra5 Rg1 40. Ra6+ Kg7 41. h5 Kh7 42. Kh4 Rg2 43. g4 Rf2 44. Kg5 Rc2 45. Ra7+ Kh8 46. f5 Rc6 47. f6 Rc8 48. Kg6 Rg8+ 49. Rg7 Rf8 50. Rh7+ 1-0

[Event "Turkey Cup 2020"]
[Site "Antalya-Belek"]
[Date "2020.01.29"]
[Round "5.69"]
[White "Canbulan, Arda"]
[Black "Tinmaz, Kerem"]
[Result "1-0"]
[WhiteElo "1840"]
[BlackElo "1729"]
[Annotator "NA"]
[PlyCount "130"]
[EventDate "2020.01.26"]
[EventType "swiss"]
[EventCountry "TUR"]
[SourceTitle "playchess.com"]
[Source "ChessBase"]
[SourceQuality "1"]

1. e4 c5 2. Nf3 e6 3. b3 Nc6 4. Bb2 d5 5. exd5 exd5 6. Bb5 Nf6 7. Qe2+ Be7 8. Ne5 Bd7 9. Nxd7 Qxd7 10. d4 cxd4 11. Bxd4 O-O 12. Bxc6 Qxc6 13. O-O Rfe8 14. Qd3 Rac8 15. Nc3 Red8 16. Rad1 Ne4 17. Nb5 Qxc2 18. Nxa7 Qxd3 19. Rxd3 Rc2 20. Re1 Bb4 21. Red1 Bc5 22. Bxc5 Rxc5 23. a4 Rc2 24. f3 Nf6 25. Nb5 Kf8 26. Nd4 Rc7 27. g4 g5 28. Kf2 Rdc8 29. Nb5 Rc2+ 30. R3d2 Ke7 31. Ke3 b6 32. Kd4 h6 33. Re1+ Kd7 34. Rde2 Rxe2 35. Rxe2 Rc1 36. Ke5 Ne8 37. Kxd5 Rb1 38. Kc4 Ng7 39. Rd2+ Ke6 40. Rd6+ Ke5 41. Rxb6 Ne6 42. a5 Rc1+ 43. Nc3 Nc7 44. Kb4 Ra1 45. Rc6 Ne6 46. a6 Kf4 47. Na4 Rd1 48. a7 Rd8 49. Nb6 Nd4 50. Rc4 Ke3 51. a8=Q Rxa8 52. Nxa8 Nxb3 53. Rc3+ Kf2 54. Kxb3 Kg2 55. Nb6 Kxh2 56. Nd7 Kg3 57. Ne5 f6 58. Nd7 Kh4 59. Nxf6 Kg3 60. Kc2 Kh4 61. Kd2 Kg3 62. Ke3 Kh4 63. Kf2 Kh3 64. Nh5 Kh4 65. Rc1 Kh3 1-0

[Event "Turkey Cup 2020"]
[Site "Antalya-Belek"]
[Date "2020.01.29"]
[Round "5.70"]
[White "Zavalsiz, Adem"]
[Black "Kalemler, Kaan"]
[Result "0-1"]
[WhiteElo "1559"]
[BlackElo "1841"]
[Annotator "NA"]
[PlyCount "118"]
[EventDate "2020.01.26"]
[EventType "swiss"]
[EventCountry "TUR"]
[SourceTitle "playchess.com"]
[Source "ChessBase"]
[SourceQuality "1"]

1. e4 c5 2. Nc3 d6 3. Bc4 e6 4. Nf3 Nf6 5. d4 cxd4 6. Nxd4 a6 7. a4 b6 8. Bd3 Bb7 9. O-O Nbd7 10. Bg5 Be7 11. Nde2 O-O 12. h3 Nc5 13. Ng3 h6 14. Be3 Qc7 15. f4 Rfd8 16. Qe2 d5 17. e5 Nfd7 18. Bd2 Nxd3 19. cxd3 Nc5 20. Rad1 Nb3 21. Be1 b5 22. d4 b4 23. Na2 Rdc8 24. Bxb4 Bxb4 25. Nxb4 Qc4 26. Nd3 Qxa4 27. Qg4 Nxd4 28. f5 Rc4 29. Qh5 exf5 30. Nxf5 Nxf5 31. Qxf5 Qe8 32. Nf4 Re4 33. Nd3 Rc8 34. Rf2 a5 35. Rdf1 Ba6 36. Qf3 Rc7 37. Rd1 Qa4 38. Nc5 Be2 39. Qxe2 Rxc5 40. Qf1 Qe8 41. Rf5 Rxe5 42. Rxe5 Qxe5 43. Re1 Qb8 44. Qf2 Rb5 45. Re2 Qb6 46. Rd2 Qxf2+ 47. Kxf2 Kf8 48. Re2 Rb4 49. Ke1 Re4 50. Kd2 Rxe2+ 51. Kxe2 Ke7 52. Kd3 Kd6 53. Kd4 f5 54. b3 f4 55. h4 g5 56. h5 g4 57. Kd3 Ke5 58. Kc3 g3 59. Kd3 f3 0-1

[Event "Turkey Cup 2020"]
[Site "Antalya-Belek"]
[Date "2020.01.29"]
[Round "5.71"]
[White "Durucay, Uygar"]
[Black "Kazik, Oguz Kagan"]
[Result "0-1"]
[WhiteElo "1544"]
[BlackElo "1888"]
[Annotator "NA"]
[PlyCount "72"]
[EventDate "2020.01.26"]
[EventType "swiss"]
[EventCountry "TUR"]
[SourceTitle "playchess.com"]
[Source "ChessBase"]
[SourceQuality "1"]

1. d4 Nf6 2. Bf4 d5 3. e3 c5 4. c3 Nc6 5. Nd2 Bf5 6. Qb3 Qc8 7. Ngf3 c4 8. Qd1 b5 9. b3 h6 10. Be2 e6 11. a3 Be7 12. h3 O-O 13. O-O a5 14. Qc1 cxb3 15. Bxb5 a4 16. Qb2 Qb7 17. Be2 Na5 18. Ne5 Rfc8 19. c4 Qa6 20. Rac1 Bc2 21. Qc3 dxc4 22. Ndxc4 Nd5 23. Qxa5 Qxa5 24. Nxa5 Nxf4 25. exf4 Rxa5 26. Nc4 Rxc4 27. Bxc4 Bxa3 28. Rce1 Bb4 29. Re3 Bd2 30. Rf3 Ra7 31. d5 exd5 32. Bxd5 Rc7 33. f5 Rc5 34. Bb7 a3 35. Ra1 a2 36. Be4 b2 0-1

[Event "Turkey Cup 2020"]
[Site "Antalya-Belek"]
[Date "2020.01.29"]
[Round "5.72"]
[White "Temizer, Umut"]
[Black "Topcuoglu, Ata"]
[Result "1-0"]
[WhiteElo "1927"]
[BlackElo "1721"]
[Annotator "NA"]
[PlyCount "71"]
[EventDate "2020.01.26"]
[EventType "swiss"]
[EventCountry "TUR"]
[SourceTitle "playchess.com"]
[Source "ChessBase"]
[SourceQuality "1"]

1. e4 d5 2. exd5 Qxd5 3. Nc3 Qd6 4. d4 Nf6 5. Nf3 Bg4 6. Nb5 Qb6 7. a4 c6 8. Na3 Bxf3 9. gxf3 Nbd7 10. Nc4 Qc7 11. f4 g6 12. Ne5 Bg7 13. Bc4 Nd5 14. Qf3 f6 15. Nd3 e6 16. f5 gxf5 17. Qh5+ Kd8 18. Rg1 N7b6 19. Nc5 Re8 20. Bb3 Bf8 21. Rg8 Nd7 22. Bh6 Nxc5 23. dxc5 Qe7 24. c4 Bxh6 25. Rxe8+ Qxe8 26. Qxh6 Nc7 27. Rd1+ Kc8 28. Qxf6 b6 29. a5 Rb8 30. Rd6 b5 31. cxb5 Rxb5 32. Bxe6+ Kb7 33. a6+ Kxa6 34. Rxc6+ Kb7 35. Rxc7+ Kxc7 36. Qe5+ 1-0

[Event "Turkey Cup 2020"]
[Site "Antalya-Belek"]
[Date "2020.01.29"]
[Round "5.73"]
[White "Onem, Cem"]
[Black "Hanci, Ilker"]
[Result "0-1"]
[WhiteElo "1805"]
[BlackElo "1571"]
[Annotator "NA"]
[PlyCount "86"]
[EventDate "2020.01.26"]
[EventType "swiss"]
[EventCountry "TUR"]
[SourceTitle "playchess.com"]
[Source "ChessBase"]
[SourceQuality "1"]

1. d4 Nf6 2. c4 g6 3. Nc3 d5 4. Nf3 Bg7 5. e3 O-O 6. Bd3 c5 7. O-O cxd4 8. Nxd4 Nc6 9. Nxc6 bxc6 10. Qc2 e5 11. Rd1 e4 12. Be2 Qc7 13. h3 Be6 14. Na4 Rfd8 15. Bd2 Rab8 16. Nc5 Bc8 17. Bc3 Qe7 18. Bd4 Nd7 19. Nxd7 Rxd7 20. Rab1 Bxd4 21. Rxd4 Qe5 22. Rbd1 c5 23. Rxd5 Rxd5 24. Rxd5 Qxb2 25. Rd8+ Kg7 26. Qxe4 Bf5 27. Qe8 Rxd8 28. Qxd8 Qxe2 29. Qd5 Qe1+ 30. Kh2 Qc3 31. Qxc5 a5 32. Qc7 Be6 33. c5 Bxa2 34. Qa7 Be6 35. c6 Qa1 36. c7 a4 37. Qb6 Qc3 38. Qa7 a3 39. g4 a2 40. c8=Q Qxc8 41. Qd4+ Kg8 42. Kg3 Qa8 43. Qa1 Qb8+ 0-1